[Event "GX Alekhine Open de Inverno 2024"]
[Site "Lisboa, Portugal"]
[Date "????.??.??"]
[Round "1.2"]
[White "Lopes, Joao Pedro Goncalves"]
[Black "Marques, Miguel Alexandre Gomes"]
[Result "1/2-1/2"]
[WhiteElo "1959"]
[BlackElo "1680"]
[PlyCount "64"]

1. c4 {[%emt 0:00:06]} e5 {[%emt 0:01:21]} 2. Nc3 {[%emt 0:00:33]} Nf6 {[%emt 0:00:35]} 3. g3 {[%emt 0:00:22]} Nc6 {[%emt 0:01:35]} 4. Bg2 {[%emt 0:00:07]} Bb4 {[%emt 0:03:40]} 5. Nf3 {[%emt 0:01:00]} O-O {[%emt 0:01:06]} 6. O-O {[%emt 0:00:33]} d6 {[%emt 0:02:13]} 7. Nd5 {[%emt 0:06:57]} Nxd5 {[%emt 0:06:09]} 8. cxd5 {[%emt 0:00:04]} Ne7 {[%emt 0:01:04]} 9. d4 {[%emt 0:02:01]} exd4 {[%emt 0:11:01]} 10. Nxd4 {[%emt 0:00:11]} Bc5 {[%emt 0:01:13]} 11. e4 {[%emt 0:02:04]} Re8 {[%emt 0:05:38]} 12. Be3 {[%emt 0:01:58]} Ng6 {[%emt 0:05:03]} 13. Nc2 {[%emt 0:08:27]} Bb6 {[%emt 0:02:55]} 14. Bxb6 {[%emt 0:03:06]} axb6 {[%emt 0:00:56]} 15. Ne3 {[%emt 0:01:11]} Qf6 {[%emt 0:07:39]} 16. Qc2 {[%emt 0:14:50]} Re7 {[%emt 0:03:34]} 17. a3 {[%emt 0:01:42]} Ne5 {[%emt 0:09:49]} 18. f3 {[%emt 0:00:22]} Qh6 {[%emt 0:02:48]} 19. Rae1 {[%emt 0:01:52]} Bh3 {[%emt 0:03:48]} 20. f4 {[%emt 0:09:00]} Ng6 {[%emt 0:05:14]} 21. Nf5 {[%emt 0:00:58]} Bxf5 {[%emt 0:02:52]} 22. exf5 {[%emt 0:00:08]} Rae8 {[%emt 0:05:11]} 23. Rxe7 {[%emt 0:02:20]} Nxe7 {[%emt 0:00:11]} 24. Qxc7 {[%emt 0:00:28]} Qf6 {[%emt 0:01:19]} 25. Qd7 {[%emt 0:06:46]} Kf8 {[%emt 0:01:12]} 26. g4 {[%emt 0:00:21]} Nxd5 {[%emt 0:03:24]} 27. Bxd5 {[%emt 0:20:59]} Qd4+ {[%emt 0:00:14]} 28. Rf2 {[%emt 0:00:33]} Re1+ {[%emt 0:03:27]} 29. Kg2 {[%emt 0:00:10]} Qxd5+ {[%emt 0:00:18]} 30. Kh3 {[%emt 0:00:08]} Re3+ {[%emt 0:02:39]} 31. Kh4 {[%emt 0:00:09]} Qd4 {[%emt 0:01:58]} 32. Rc2 {[%emt 0:02:18]} Re8 {[%emt 0:01:28]} 1/2-1/2

[Event "GX Alekhine Open de Inverno 2024"]
[Site "Lisboa, Portugal"]
[Date "????.??.??"]
[Round "1.3"]
[White "Correia, Pedro Mourao Soares"]
[Black "Wang, Minqing"]
[Result "0-1"]
[WhiteElo "1673"]
[BlackElo "1928"]
[PlyCount "73"]

1. e4 {[%emt 0:00:59]} c5 {[%emt 0:03:52]} 2. Nf3 {[%emt 0:00:56]} Nc6 {[%emt 0:00:05]} 3. Bc4 {[%emt 0:02:23]} d6 {[%emt 0:00:47]} 4. O-O {[%emt 0:04:29]} Nf6 {[%emt 0:00:13]} 5. Qe2 {[%emt 0:03:31]} Bg4 {[%emt 0:00:14]} 6. Qe3 {[%emt 0:06:58]} e6 {[%emt 0:01:32]} 7. c3 {[%emt 0:03:30]} Be7 {[%emt 0:00:20]} 8. d4 {[%emt 0:02:00]} Bxf3 {[%emt 0:00:07]} 9. Qxf3 {[%emt 0:00:52]} cxd4 {[%emt 0:00:07]} 10. Bb5 {[%emt 0:03:11]} dxc3 {[%emt 0:00:41]} 11. Nxc3 {[%emt 0:00:58]} O-O {[%emt 0:00:05]} 12. Be3 {[%emt 0:01:32]} Ne5 {[%emt 0:00:06]} 13. Qh3 {[%emt 0:01:17]} a6 {[%emt 0:00:22]} 14. Be2 {[%emt 0:00:50]} Rc8 {[%emt 0:00:37]} 15. Rad1 {[%emt 0:04:47]} Qa5 {[%emt 0:00:59]} 16. Rd4 {[%emt 0:03:51]} b5 {[%emt 0:00:50]} 17. f4 {[%emt 0:10:37]} Nc6 {[%emt 0:00:05]} 18. Rd3 {[%emt 0:04:25]} b4 {[%emt 0:00:11]} 19. e5 {[%emt 0:01:02]} dxe5 {[%emt 0:00:41]} 20. fxe5 {[%emt 0:01:05]} Nxe5 {[%emt 0:00:16]} 21. Nd1 {[%emt 0:03:09]} Nxd3 {[%emt 0:00:11]} 22. Bxd3 {[%emt 0:00:19]} Qh5 {[%emt 0:00:07]} 23. Qg3 {[%emt 0:04:58]} Rfd8 {[%emt 0:00:08]} 24. Nf2 {[%emt 0:02:04]} Bd6 {[%emt 0:00:32]} 25. Bf4 {[%emt 0:01:16]} Bxf4 {[%emt 0:00:06]} 26. Qxf4 {[%emt 0:00:17]} Qc5 {[%emt 0:00:05]} 27. Kh1 {[%emt 0:01:35]} Qd4 {[%emt 0:00:11]} 28. Qf3 {[%emt 0:01:22]} e5 {[%emt 0:01:24]} 29. h3 {[%emt 0:05:07]} Qd5 {[%emt 0:01:59]} 30. Qg3 {[%emt 0:12:17]} e4 {[%emt 0:00:47]} 31. Be2 {[%emt 0:03:53]} Qxa2 {[%emt 0:01:01]} 32. Ng4 {[%emt 0:03:35]} Nxg4 {[%emt 0:00:13]} 33. Bxg4 {[%emt 0:01:07]} Rc5 {[%emt 0:00:39]} 34. Qe3 {[%emt 0:04:27]} Qc4 {[%emt 0:00:34]} 35. Be2 {[%emt 0:01:11]} Qc2 {[%emt 0:00:18]} 36. Qf4 {[%emt 0:01:58]} Rf8 {[%emt 0:00:14]} 37. Bh5 {[%emt 0:00:50]} 0-1

[Event "GX Alekhine Open de Inverno 2024"]
[Site "Lisboa, Portugal"]
[Date "????.??.??"]
[Round "2.4"]
[White "Goncalves, Carlos Manuel Marques"]
[Black "Reis, Luis Simoes Dos"]
[Result "1/2-1/2"]
[WhiteElo "1752"]
[BlackElo "1857"]
[PlyCount "65"]

1. Nf3 {[%emt 0:05:05]} d6 {[%emt 0:01:48]} 2. d4 {[%emt 0:00:48]} Nd7 {[%emt 0:00:45]} 3. c4 {[%emt 0:00:57]} Ngf6 {[%emt 0:00:47]} 4. Nc3 {[%emt 0:01:19]} c6 {[%emt 0:02:40]} 5. Bf4 {[%emt 0:14:42]} e6 {[%emt 0:08:23]} 6. e4 {[%emt 0:02:33]} Qa5 {[%emt 0:04:22]} 7. Qc2 {[%emt 0:01:06]} e5 {[%emt 0:02:42]} 8. Bd2 {[%emt 0:03:27]} Qc7 {[%emt 0:00:26]} 9. d5 {[%emt 0:04:54]} Be7 {[%emt 0:00:57]} 10. b4 {[%emt 0:02:42]} a6 {[%emt 0:02:47]} 11. a4 {[%emt 0:02:40]} O-O {[%emt 0:10:00]} 12. Be2 {[%emt 0:00:45]} Re8 {[%emt 0:02:12]} 13. O-O {[%emt 0:01:06]} b6 {[%emt 0:03:26]} 14. b5 {[%emt 0:03:06]} cxd5 {[%emt 0:05:11]} 15. cxd5 {[%emt 0:01:07]} a5 {[%emt 0:00:26]} 16. h3 {[%emt 0:01:12]} Bb7 {[%emt 0:12:10]} 17. Rac1 {[%emt 0:00:20]} Rec8 {[%emt 0:00:42]} 18. Be3 {[%emt 0:05:50]} Qd8 {[%emt 0:01:20]} 19. Rfd1 {[%emt 0:01:40]} Nc5 {[%emt 0:00:57]} 20. Qb1 {[%emt 0:02:31]} h6 {[%emt 0:03:06]} 21. Nd2 {[%emt 0:01:19]} Rc7 {[%emt 0:02:02]} 22. Nc4 {[%emt 0:01:27]} Nfd7 {[%emt 0:08:55]} 23. f4 {[%emt 0:02:13]} f6 {[%emt 0:01:35]} 24. fxe5 {[%emt 0:01:05]} fxe5 25. Rf1 Rcc8 26. Qa2 Qc7 27. Bd2 Kh7 28. Bg4 Nd3 29. Rc2 Nb4 30. Qb1 Nxc2 31. Bxd7 Qxc4 32. Bc6 Bxc6 33. bxc6 1/2-1/2

[Event "GX Alekhine Open de Inverno 2024"]
[Site "Lisboa, Portugal"]
[Date "????.??.??"]
[Round "2.2"]
[White "Wang, Minqing"]
[Black "Dias, Antonio Alberto"]
[Result "0-1"]
[WhiteElo "1928"]
[BlackElo "1783"]
[PlyCount "112"]

1. Nf3 {[%emt 0:08:04]} Nf6 {[%emt 0:00:36]} 2. c4 {[%emt 0:02:10]} g6 {[%emt 0:01:33]} 3. g3 {[%emt 0:00:07]} Bg7 {[%emt 0:00:36]} 4. Bg2 {[%emt 0:00:07]} O-O {[%emt 0:01:20]} 5. d4 {[%emt 0:00:08]} c5 {[%emt 0:01:09]} 6. d5 {[%emt 0:00:16]} d6 {[%emt 0:01:59]} 7. O-O {[%emt 0:00:05]} Bg4 {[%emt 0:01:34]} 8. Nc3 {[%emt 0:00:11]} Qd7 {[%emt 0:03:12]} 9. e4 {[%emt 0:01:44]} Na6 {[%emt 0:01:33]} 10. Be3 {[%emt 0:00:56]} e5 {[%emt 0:01:42]} 11. Qd2 {[%emt 0:00:50]} Bh3 {[%emt 0:01:00]} 12. Bxh3 {[%emt 0:00:58]} Qxh3 {[%emt 0:00:07]} 13. Ng5 {[%emt 0:00:03]} Qd7 {[%emt 0:00:18]} 14. f4 {[%emt 0:00:14]} Ng4 {[%emt 0:00:30]} 15. Kg2 {[%emt 0:01:20]} h6 {[%emt 0:00:54]} 16. Nf3 {[%emt 0:00:21]} Nxe3+ {[%emt 0:00:18]} 17. Qxe3 {[%emt 0:00:05]} exf4 {[%emt 0:00:47]} 18. Qxf4 {[%emt 0:00:06]} g5 {[%emt 0:00:41]} 19. Qd2 {[%emt 0:00:30]} Nc7 {[%emt 0:01:43]} 20. h4 {[%emt 0:00:11]} f6 {[%emt 0:01:01]} 21. Rae1 {[%emt 0:01:06]} b5 {[%emt 0:04:15]} 22. cxb5 {[%emt 0:01:07]} Nxb5 {[%emt 0:00:21]} 23. Qd3 {[%emt 0:00:20]} Rab8 {[%emt 0:01:43]} 24. Nd1 {[%emt 0:01:53]} Nd4 {[%emt 0:06:10]} 25. Nxd4 {[%emt 0:00:09]} cxd4 {[%emt 0:00:06]} 26. Qxd4 {[%emt 0:00:09]} gxh4 {[%emt 0:00:06]} 27. Qd3 {[%emt 0:01:17]} Qg4 {[%emt 0:01:45]} 28. Rf3 {[%emt 0:00:13]} Rfe8 {[%emt 0:01:35]} 29. b3 {[%emt 0:00:52]} Rb4 {[%emt 0:01:33]} 30. Nf2 {[%emt 0:00:35]} Qg5 {[%emt 0:01:48]} 31. Qc3 {[%emt 0:04:24]} Rbb8 32. Qc7 {[%emt 0:01:08]} f5 {[%emt 0:01:20]} 33. Rh1 {[%emt 0:04:44]} Rbc8 {[%emt 0:01:56]} 34. Qd7 {[%emt 0:00:38]} fxe4 {[%emt 0:02:15]} 35. Nxe4 {[%emt 0:00:34]} Qxd5 {[%emt 0:00:42]} 36. Rxh4 {[%emt 0:01:24]} Rc2+ {[%emt 0:03:04]} 37. Nf2 {[%emt 0:00:07]} Ree2 {[%emt 0:00:22]} 38. Qxa7 {[%emt 0:01:53]} Rxf2+ {[%emt 0:01:14]} 39. Qxf2 {[%emt 0:00:06]} Rxf2+ {[%emt 0:00:04]} 40. Kxf2 {[%emt 0:00:05]} Qd2+ {[%emt 0:00:05]} 41. Kf1 {[%emt 0:00:13]} h5 {[%emt 0:03:01]} 42. Rf2 {[%emt 0:00:42]} Qd1+ {[%emt 0:00:20]} 43. Kg2 {[%emt 0:00:11]} Bd4 {[%emt 0:00:14]} 44. Rff4 {[%emt 0:01:31]} Qe2+ {[%emt 0:00:52]} 45. Kh3 {[%emt 0:00:05]} Bg1 {[%emt 0:00:06]} 46. Rxh5 {[%emt 0:00:59]} Qxh5+ {[%emt 0:00:50]} 47. Kg2 {[%emt 0:00:04]} Be3 {[%emt 0:00:48]} 48. Ra4 {[%emt 0:00:26]} d5 {[%emt 0:01:15]} 49. g4 {[%emt 0:00:18]} Qh4 {[%emt 0:00:09]} 50. g5 {[%emt 0:01:04]} Qf2+ {[%emt 0:00:41]} 51. Kh3 {[%emt 0:00:07]} Bf4 {[%emt 0:00:22]} 52. Kg4 {[%emt 0:00:47]} Qg3+ {[%emt 0:00:32]} 53. Kf5 {[%emt 0:00:03]} Qxg5+ {[%emt 0:00:20]} 54. Ke6 {[%emt 0:00:03]} Qe5+ {[%emt 0:00:35]} 55. Kd7 {[%emt 0:00:07]} Qd6+ {[%emt 0:00:21]} 56. Ke8 {[%emt 0:00:07]} Qc7 {[%emt 0:00:53]} 0-1

[Event "GX Alekhine Open de Inverno 2024"]
[Site "Lisboa, Portugal"]
[Date "????.??.??"]
[Round "2.1"]
[White "Aguiar, Carlos Alberto Branco Levy De"]
[Black "Goncalves, Samuel Jesus Pereira"]
[Result "0-1"]
[WhiteElo "1810"]
[BlackElo "2186"]
[PlyCount "110"]

1. Nf3 {[%emt 0:00:05]} Nf6 {[%emt 0:00:44]} 2. c4 {[%emt 0:00:11]} g6 {[%emt 0:00:27]} 3. Nc3 {[%emt 0:00:10]} Bg7 {[%emt 0:00:23]} 4. d4 {[%emt 0:00:18]} d5 {[%emt 0:00:11]} 5. cxd5 {[%emt 0:00:18]} Nxd5 {[%emt 0:00:07]} 6. e4 {[%emt 0:00:08]} Nxc3 {[%emt 0:00:06]} 7. bxc3 {[%emt 0:00:08]} c5 {[%emt 0:00:05]} 8. Be3 {[%emt 0:00:14]} O-O {[%emt 0:09:14]} 9. Rb1 {[%emt 0:00:38]} cxd4 {[%emt 0:01:57]} 10. cxd4 {[%emt 0:00:14]} Qa5+ {[%emt 0:03:32]} 11. Qd2 {[%emt 0:00:11]} Qxd2+ {[%emt 0:00:47]} 12. Kxd2 {[%emt 0:00:12]} Nd7 {[%emt 0:11:54]} 13. Bc4 {[%emt 0:05:47]} Nb6 {[%emt 0:00:47]} 14. Bb3 {[%emt 0:00:12]} Bd7 {[%emt 0:00:51]} 15. Rhc1 {[%emt 0:00:32]} Rfc8 {[%emt 0:00:30]} 16. Rxc8+ {[%emt 0:14:08]} Rxc8 {[%emt 0:00:07]} 17. Rc1 {[%emt 0:00:18]} Rxc1 {[%emt 0:00:56]} 18. Kxc1 {[%emt 0:00:09]} e6 {[%emt 0:00:18]} 19. Nd2 {[%emt 0:17:36]} Kf8 {[%emt 0:05:21]} 20. d5 {[%emt 0:02:39]} Ke7 {[%emt 0:09:38]} 21. Bc5+ {[%emt 0:00:42]} Kd8 {[%emt 0:00:07]} 22. dxe6 {[%emt 0:03:22]} fxe6 {[%emt 0:00:07]} 23. Bxb6+ {[%emt 0:05:31]} axb6 {[%emt 0:00:06]} 24. Kc2 {[%emt 0:11:17]} Kc7 {[%emt 0:01:13]} 25. Kd3 {[%emt 0:02:17]} Kc6 {[%emt 0:03:05]} 26. g3 {[%emt 0:01:52]} Kc5 {[%emt 0:02:23]} 27. f3 {[%emt 0:03:06]} Bd4 {[%emt 0:08:41]} 28. f4 {[%emt 0:13:31]} Bb5+ {[%emt 0:02:33]} 29. Kc2 {[%emt 0:08:57]} Bd7 {[%emt 0:17:35]} 30. Nf3 {[%emt 0:00:51]} h6 {[%emt 0:06:59]} 31. Kd3 {[%emt 0:01:01]} Bb5+ {[%emt 0:01:52]} 32. Kd2 {[%emt 0:01:16]} Bd7 {[%emt 0:01:53]} 33. Kd3 {[%emt 0:02:51]} Ba1 {[%emt 0:01:22]} 34. g4 {[%emt 0:02:04]} b5 {[%emt 0:01:34]} 35. h4 {[%emt 0:00:48]} b4 {[%emt 0:00:24]} 36. Ke3 {[%emt 0:02:27]} Bb2 {[%emt 0:00:25]} 37. Kd2 {[%emt 0:01:09]} Kd6 {[%emt 0:01:39]} 38. Kc2 {[%emt 0:00:17]} Bc3 {[%emt 0:01:14]} 39. Kd3 {[%emt 0:00:11]} Kc5 {[%emt 0:01:48]} 40. Ke3 {[%emt 0:00:34]} Bb2 {[%emt 0:01:59]} 41. Kd2 {[%emt 0:00:26]} b6 {[%emt 0:00:31]} 42. Kc2 {[%emt 0:00:13]} Bd4 {[%emt 0:00:29]} 43. Kd3 {[%emt 0:01:40]} Bc3 {[%emt 0:03:00]} 44. Ke3 {[%emt 0:00:24]} Bc8 {[%emt 0:01:28]} 45. Kd3 {[%emt 0:00:12]} Bb2 {[%emt 0:00:34]} 46. Kc2 {[%emt 0:00:09]} Bd4 {[%emt 0:01:14]} 47. Kd3 {[%emt 0:00:16]} Ba6+ {[%emt 0:00:56]} 48. Kd2 {[%emt 0:00:11]} Bc3+ {[%emt 0:00:09]} 49. Ke3 {[%emt 0:00:12]} Kd6 {[%emt 0:00:16]} 50. f5 {[%emt 0:02:02]} exf5 {[%emt 0:00:11]} 51. exf5 {[%emt 0:00:08]} gxf5 {[%emt 0:00:09]} 52. gxf5 {[%emt 0:00:14]} Ke7 {[%emt 0:00:21]} 53. Kf4 {[%emt 0:01:04]} Kf6 {[%emt 0:00:19]} 54. Bd5 {[%emt 0:00:42]} Bb2 {[%emt 0:00:27]} 55. Nh2 {[%emt 0:00:30]} Be5+ {[%emt 0:00:12] Nf3 Bb2 Nh2 Be5+ Nf3 Bb2 Nh2 Be5+} 0-1

[Event "GX Alekhine Open de Inverno 2024"]
[Site "Lisboa, Portugal"]
[Date "????.??.??"]
[Round "2.3"]
[White "Lucio, Jorge Manuel Rodrigues"]
[Black "Silva, Lourenco Santa Clara Rebelo Da"]
[Result "1/2-1/2"]
[WhiteElo "1774"]
[BlackElo "1875"]
[PlyCount "45"]

1. d4 {[%emt 0:00:06]} Nf6 {[%emt 0:00:05]} 2. c4 {[%emt 0:00:13]} e6 {[%emt 0:00:05]} 3. Nc3 {[%emt 0:00:24]} Bb4 {[%emt 0:00:05]} 4. Qc2 {[%emt 0:00:18]} O-O {[%emt 0:00:06]} 5. a3 {[%emt 0:00:12]} Bxc3+ {[%emt 0:00:05]} 6. Qxc3 {[%emt 0:00:11]} d5 {[%emt 0:00:04]} 7. Bg5 {[%emt 0:01:28]} c5 {[%emt 0:00:55]} 8. cxd5 {[%emt 0:01:13]} cxd4 {[%emt 0:00:07]} 9. Qxd4 {[%emt 0:01:19]} Nc6 {[%emt 0:00:05]} 10. Qd2 {[%emt 0:04:47]} exd5 {[%emt 0:02:08]} 11. e3 {[%emt 0:02:08]} Re8 {[%emt 0:02:28]} 12. Be2 {[%emt 0:13:03]} d4 {[%emt 0:06:45]} 13. exd4 {[%emt 0:04:49]} Be6 {[%emt 0:17:16]} 14. Nf3 {[%emt 0:13:58]} Bc4 {[%emt 0:03:53]} 15. Be3 {[%emt 0:00:45]} Bxe2 {[%emt 0:02:18]} 16. Qxe2 {[%emt 0:01:29]} Qd5 {[%emt 0:08:47]} 17. O-O {[%emt 0:03:38]} Re4 {[%emt 0:20:03]} 18. Rfd1 {[%emt 0:03:46]} Rae8 {[%emt 0:01:27]} 19. h3 {[%emt 0:05:01]} Qf5 {[%emt 0:02:55]} 20. Qd3 {[%emt 0:06:07]} Qh5 {[%emt 0:04:44]} 21. Rac1 {[%emt 0:05:41]} Rd8 {[%emt 0:01:23]} 22. Rc5 {[%emt 0:07:46]} Rd5 {[%emt 0:01:33]} 23. Rxd5 {[%emt 0:02:13]} 1/2-1/2

[Event "GX Alekhine Open de Inverno 2024"]
[Site "Lisboa, Portugal"]
[Date "????.??.??"]
[Round "3.1"]
[White "Goncalves, Diogo Figueiredo"]
[Black "Bras, Hugo Miguel Pereira"]
[Result "1/2-1/2"]
[WhiteElo "1846"]
[BlackElo "1834"]
[PlyCount "124"]

1. e4 {[%emt 0:01:10]} e5 {[%emt 0:00:03]} 2. Nf3 {[%emt 0:00:12]} Nc6 {[%emt 0:00:09]} 3. Bc4 {[%emt 0:00:08]} Nf6 {[%emt 0:00:10]} 4. d3 {[%emt 0:00:13]} Bc5 {[%emt 0:00:37]} 5. c3 {[%emt 0:00:09]} d6 {[%emt 0:00:08]} 6. O-O {[%emt 0:00:21]} a6 {[%emt 0:00:04]} 7. a4 {[%emt 0:00:09]} Ba7 {[%emt 0:00:05]} 8. Re1 {[%emt 0:00:16]} O-O {[%emt 0:00:10]} 9. h3 {[%emt 0:00:14]} h6 {[%emt 0:00:06]} 10. Nbd2 {[%emt 0:00:37]} Re8 {[%emt 0:00:07]} 11. b4 {[%emt 0:00:12]} Be6 {[%emt 0:00:06]} 12. Bxe6 {[%emt 0:00:12]} Rxe6 {[%emt 0:00:08]} 13. Qc2 {[%emt 0:01:51]} Ne7 {[%emt 0:01:11]} 14. Nf1 {[%emt 0:03:26]} Ng6 {[%emt 0:00:08]} 15. Ng3 {[%emt 0:09:43]} Qd7 {[%emt 0:00:50]} 16. c4 {[%emt 0:05:27]} c6 {[%emt 0:03:58]} 17. Nf5 {[%emt 0:05:57]} d5 {[%emt 0:01:35]} 18. Be3 {[%emt 0:07:16]} Bxe3 {[%emt 0:01:28]} 19. Nxe3 {[%emt 0:00:29]} Rd8 {[%emt 0:03:09]} 20. Ra3 {[%emt 0:12:02]} dxe4 {[%emt 0:06:21]} 21. dxe4 {[%emt 0:00:09]} Rd6 {[%emt 0:00:08]} 22. c5 {[%emt 0:04:30]} Re6 {[%emt 0:04:18]} 23. Nc4 {[%emt 0:04:12]} Qc7 {[%emt 0:03:16]} 24. g3 {[%emt 0:03:16]} Re7 {[%emt 0:01:12]} 25. h4 {[%emt 0:02:41]} Qc8 {[%emt 0:03:09]} 26. Kg2 {[%emt 0:06:00]} Qg4 {[%emt 0:01:19]} 27. Nh2 {[%emt 0:05:02]} Qe6 {[%emt 0:13:33]} 28. Nd6 {[%emt 0:01:43]} Ne8 {[%emt 0:00:58]} 29. Nf5 {[%emt 0:08:04]} Red7 {[%emt 0:00:36]} 30. Nf3 {[%emt 0:00:39]} Ne7 {[%emt 0:01:17]} 31. Nxe7+ {[%emt 0:01:57]} Qxe7 {[%emt 0:00:23]} 32. Ree3 {[%emt 0:00:42]} Nf6 {[%emt 0:00:07]} 33. Rad3 {[%emt 0:00:42]} Qe6 {[%emt 0:05:04]} 34. Rxd7 {[%emt 0:03:26]} Rxd7 {[%emt 0:00:18]} 35. Rd3 {[%emt 0:00:13]} g6 {[%emt 0:05:05]} 36. Rxd7 {[%emt 0:04:59]} Qxd7 {[%emt 0:03:23]} 37. Nxe5 {[%emt 0:01:23]} Qd4 {[%emt 0:00:08]} 38. Nc4 {[%emt 0:03:59]} Nxe4 {[%emt 0:00:48]} 39. Qe2 {[%emt 0:03:17]} Kg7 {[%emt 0:02:39]} 40. Qb2 {[%emt 0:01:57]} Nc3 {[%emt 0:04:52]} 41. Nd6 {[%emt 0:00:38]} Kg8 {[%emt 0:01:27]} 42. Nxb7 {[%emt 0:01:33]} Qe4+ {[%emt 0:00:27]} 43. f3 {[%emt 0:01:52]} Qe3 {[%emt 0:00:11]} 44. Qf2 {[%emt 0:01:56]} Qd3 {[%emt 0:00:12]} 45. Nd6 {[%emt 0:01:18]} Nd5 {[%emt 0:02:00]} 46. Qa2 {[%emt 0:01:22]} Qd4 {[%emt 0:03:32]} 47. Qb3 {[%emt 0:01:26]} Qd2+ {[%emt 0:00:43]} 48. Kh3 {[%emt 0:00:31]} h5 {[%emt 0:02:16]} 49. b5 {[%emt 0:00:27]} axb5 {[%emt 0:00:10]} 50. axb5 {[%emt 0:00:04]} cxb5 {[%emt 0:00:24]} 51. c6 {[%emt 0:00:33]} Qc1 {[%emt 0:01:43]} 52. Kh2 {[%emt 0:01:04]} Qxc6 {[%emt 0:00:49]} 53. Nxb5 {[%emt 0:00:08]} Qc5 {[%emt 0:00:53]} 54. Kg2 {[%emt 0:00:52]} Ne3+ {[%emt 0:00:23]} 55. Kh2 {[%emt 0:01:54]} Nf1+ {[%emt 0:00:34]} 56. Kg2 {[%emt 0:00:14]} Ne3+ {[%emt 0:01:17]} 57. Kh2 {[%emt 0:00:05]} Nc2 {[%emt 0:00:48]} 58. Nd6 {[%emt 0:00:42]} Qf2+ {[%emt 0:05:28]} 59. Kh3 {[%emt 0:00:11]} Qf1+ {[%emt 0:01:57]} 60. Kh2 {[%emt 0:00:06]} Qe2+ {[%emt 0:00:43]} 61. Kh3 {[%emt 0:00:28]} Qe6+ {[%emt 0:01:30]} 62. Qxe6 fxe6 1/2-1/2

[Event "GX Alekhine Open de Inverno 2024"]
[Site "Lisboa, Portugal"]
[Date "????.??.??"]
[Round "3.3"]
[White "Lopes, Joao Pedro Goncalves"]
[Black "Silva, Reinaldo Joao David Batista Da"]
[Result "0-1"]
[WhiteElo "1959"]
[BlackElo "1855"]
[PlyCount "40"]

1. c4 {[%emt 0:00:02]} e6 {[%emt 0:00:12]} 2. Nc3 {[%emt 0:00:17]} d5 {[%emt 0:00:16]} 3. d4 {[%emt 0:00:25]} Nf6 {[%emt 0:00:22]} 4. cxd5 {[%emt 0:00:14]} exd5 {[%emt 0:00:07]} 5. Nf3 {[%emt 0:00:20]} c6 {[%emt 0:00:21]} 6. g3 {[%emt 0:00:05]} Bf5 {[%emt 0:00:39]} 7. Bg2 {[%emt 0:00:16]} Bd6 {[%emt 0:00:20]} 8. O-O {[%emt 0:00:10]} O-O {[%emt 0:00:11]} 9. Bg5 {[%emt 0:00:52]} Nbd7 {[%emt 0:00:10]} 10. Nh4 {[%emt 0:00:30]} Be6 {[%emt 0:02:58]} 11. f4 {[%emt 0:01:34]} h6 {[%emt 0:02:17]} 12. Bxh6 {[%emt 0:00:25]} Ng4 {[%emt 0:05:49]} 13. Bxg7 {[%emt 0:02:23]} Kxg7 {[%emt 0:04:44]} 14. f5 {[%emt 0:01:11]} Qg5 {[%emt 0:16:13]} 15. fxe6 {[%emt 0:02:47]} fxe6 {[%emt 0:01:48]} 16. Qd3 {[%emt 0:01:21]} Nxh2 {[%emt 0:02:58]} 17. Qg6+ {[%emt 0:26:49]} Qxg6 {[%emt 0:00:51]} 18. Nxg6 {[%emt 0:00:04]} Rxf1+ {[%emt 0:00:29]} 19. Bxf1 {[%emt 0:04:31]} Nxf1 {[%emt 0:00:15]} 20. Rxf1 {[%emt 0:00:35]} Kxg6 {[%emt 0:00:09]} 0-1

[Event "GX Alekhine Open de Inverno 2024"]
[Site "Lisboa, Portugal"]
[Date "????.??.??"]
[Round "3.4"]
[White "Silva, Lourenco Santa Clara Rebelo Da"]
[Black "Goncalves, Carlos Manuel Marques"]
[Result "1-0"]
[WhiteElo "1875"]
[BlackElo "1752"]
[PlyCount "111"]

1. e4 {[%emt 0:03:12]} c6 {[%emt 0:04:47]} 2. d4 {[%emt 0:00:07]} d5 {[%emt 0:00:15]} 3. Nc3 {[%emt 0:00:05]} dxe4 {[%emt 0:00:31]} 4. Nxe4 {[%emt 0:00:06]} Nf6 {[%emt 0:00:20]} 5. Nxf6+ {[%emt 0:00:08]} exf6 {[%emt 0:00:25]} 6. c3 {[%emt 0:00:08]} Bd6 {[%emt 0:00:59]} 7. Bd3 {[%emt 0:00:06]} O-O {[%emt 0:00:24]} 8. Qc2 {[%emt 0:00:04]} Re8+ {[%emt 0:00:50]} 9. Ne2 {[%emt 0:00:18]} h5 {[%emt 0:01:24]} 10. O-O {[%emt 0:00:06]} Nd7 {[%emt 0:01:18]} 11. Nf4 {[%emt 0:02:29]} Bxf4 {[%emt 0:01:08]} 12. Bxf4 {[%emt 0:00:26]} Nf8 {[%emt 0:00:17]} 13. Rfe1 {[%emt 0:02:02]} Be6 {[%emt 0:01:59]} 14. Rad1 {[%emt 0:01:28]} b5 {[%emt 0:03:53]} 15. b3 {[%emt 0:07:36]} Qd7 {[%emt 0:02:53]} 16. Be3 {[%emt 0:13:38]} h4 {[%emt 0:02:30]} 17. f3 {[%emt 0:17:20]} h3 {[%emt 0:07:29]} 18. g3 {[%emt 0:00:32]} g5 {[%emt 0:00:09]} 19. c4 {[%emt 0:01:57]} Qb7 {[%emt 0:09:08]} 20. Be4 {[%emt 0:05:36]} Rac8 {[%emt 0:04:15]} 21. Qd3 {[%emt 0:15:44]} Kg7 {[%emt 0:01:52]} 22. cxb5 {[%emt 0:00:50]} Qxb5 {[%emt 0:00:43]} 23. Qxb5 {[%emt 0:01:57]} cxb5 {[%emt 0:00:02]} 24. d5 {[%emt 0:01:48]} Bd7 {[%emt 0:00:31]} 25. d6 {[%emt 0:02:32]} g4 {[%emt 0:00:57]} 26. Bxa7 {[%emt 0:01:48]} gxf3 {[%emt 0:00:28]} 27. Bxf3 {[%emt 0:00:32]} Rxe1+ {[%emt 0:01:25]} 28. Rxe1 {[%emt 0:00:03]} Rc3 {[%emt 0:00:59]} 29. Be4 {[%emt 0:00:46]} Ne6 {[%emt 0:01:56]} 30. Be3 {[%emt 0:03:42]} Ng5 {[%emt 0:03:21]} 31. Bd4 {[%emt 0:03:22]} Rc8 {[%emt 0:06:34]} 32. Bb7 {[%emt 0:03:33]} Rb8 {[%emt 0:05:00]} 33. Bd5 {[%emt 0:00:38]} Ne6 {[%emt 0:00:50]} 34. Bb2 {[%emt 0:01:23]} b4 {[%emt 0:01:23]} 35. Rf1 {[%emt 0:00:45]} Rb5 {[%emt 0:06:16]} 36. Bxf6+ {[%emt 0:02:16]} Kg8 {[%emt 0:01:27]} 37. Rf5 {[%emt 0:01:54]} Kh7 38. Be4 Kg8 {[%emt 0:06:26]} 39. Rxb5 {[%emt 0:01:07]} Bxb5 {[%emt 0:00:02]} 40. Bf5 {[%emt 0:00:51]} Kf8 {[%emt 0:02:31]} 41. Bxh3 Ke8 42. Bf5 Kf8 43. Bg4 {[%emt 0:01:48]} Ke8 44. Bf5 Kd7 {[%emt 0:00:06]} 45. h4 {[%emt 0:00:56]} Kxd6 {[%emt 0:00:08]} 46. h5 {[%emt 0:00:06]} Nf8 {[%emt 0:01:50]} 47. h6 {[%emt 0:00:13]} Bd7 {[%emt 0:00:29]} 48. Bd3 {[%emt 0:01:23]} Ke6 {[%emt 0:00:11]} 49. Bg7 {[%emt 0:00:04]} Ke7 {[%emt 0:02:02]} 50. h7 Nxh7 51. Bxh7 f5 52. Bh6 Kf7 53. Kf2 Be6 54. Ke3 Ke7 55. Kd4 Kd6 56. Bf8+ 1-0

[Event "GX Alekhine Open de Inverno 2024"]
[Site "Lisboa, Portugal"]
[Date "????.??.??"]
[Round "3.2"]
[White "Dias, Antonio Alberto"]
[Black "Kakaie, Arman"]
[Result "0-1"]
[WhiteElo "1783"]
[BlackElo "1843"]
[PlyCount "34"]

1. c4 {[%emt 0:00:24]} e6 {[%emt 0:01:29]} 2. g3 {[%emt 0:00:57]} d5 {[%emt 0:00:07]} 3. Nf3 {[%emt 0:02:37]} f5 {[%emt 0:00:20]} 4. cxd5 {[%emt 0:02:05]} exd5 {[%emt 0:00:13]} 5. d4 {[%emt 0:00:49]} Nf6 {[%emt 0:00:05]} 6. Bg2 {[%emt 0:01:25]} Bd6 {[%emt 0:00:23]} 7. Nc3 {[%emt 0:00:28]} c6 {[%emt 0:00:05]} 8. Ne5 {[%emt 0:03:52]} O-O {[%emt 0:01:01]} 9. O-O {[%emt 0:00:22]} Nbd7 {[%emt 0:00:29]} 10. f4 {[%emt 0:01:34]} Ne4 {[%emt 0:00:28]} 11. Qb3 {[%emt 0:00:37]} Ndf6 {[%emt 0:02:51]} 12. Be3 {[%emt 0:02:24]} Qe8 {[%emt 0:02:55]} 13. Rac1 {[%emt 0:01:23]} Qh5 {[%emt 0:08:21]} 14. Nxe4 {[%emt 0:01:14]} fxe4 {[%emt 0:01:27]} 15. Nxc6 {[%emt 0:02:05]} bxc6 {[%emt 0:02:25]} 16. Rxc6 {[%emt 0:00:06]} Rb8 {[%emt 0:01:27]} 17. Qc2 {[%emt 0:00:44]} Ng4 {[%emt 0:00:37]} 0-1